banner koha

Influencia da temperatura e tempo de repouso na secagem de cafe (Coffea arabica L.)em camada fina (Registro n. 320240)

MARC details
000 -LÍDER
campo de controle de tamanho fixo 01115naa a22003377a 4500
001 - NÚMERO DE CONTROLE
campo de controle BR8900574
003 - IDENTIFICADOR DO NÚMERO DE CONTROLE
campo de controle BR-BrBNA
005 - DATA E HORÁRIO DA ÚLTIMA TRANSAÇÃO
campo de controle 20240918180414.0
007 - CAMPO FIXO DE DESCRIÇÃO FÍSICA--INFORMAÇÃO GERAL
campo de controle de tamanho fixo ta
008 - CAMPO DE DADOS FIXOS--INFORMAÇÃO GERAL
campo de controle de tamanho fixo 230509b bl.||||| |||| 00| 0 por d
040 ## - FONTE DA CATALOGAÇÃO
Instituição da catalogação original BR-BrBNA
Idioma da catalogação por
Instituição que transcreveu o registro Biblioteca Nacional de Agricultura
041 ## - CÓDIGO DE IDIOMA
Código do idioma do texto/trilha sonora ou título diferente (Pt)
072 ## - CÓDIGO DE CATEGORIA DE ASSUNTO
Código de Categoria de Assunto Q02
Código do objeto 2120
-- 9205
090 ## - NÚMERO DE CHAMADA LOCAL
Número de chamada Q02 BR8900574
100 1# - ENTRADA PRINCIPAL--NOME PESSOAL
Nome pessoal Cordeiro, J.A.B.
100 1# - ENTRADA PRINCIPAL--NOME PESSOAL
Nome pessoal Silva, J. de S. e
100 1# - ENTRADA PRINCIPAL--NOME PESSOAL
Nome pessoal Daspasquale, V.A.
100 1# - ENTRADA PRINCIPAL--NOME PESSOAL
Nome pessoal Coelho, D.T.
111 1# - ENTRADA PRINCIPAL--NOME DO EVENTO
Nome do evento ou lugar 4. Encontro Nacional de Secagem
Local do evento Vicosa, MG (Brazil)
Data do evento ou assinatura do tratado 2-4 Mar 1983
245 1# - TÍTULO
Título Influencia da temperatura e tempo de repouso na secagem de cafe (Coffea arabica L.)em camada fina
260 3# - PUBLICAÇÃO, DISTRIBUIÇÃO, ETC.
Local de publicação, distribuição, etc. Vicosa, MG (Brasil):
Data da publicação, distribuição, etc. 1983.
500 ## - NOTA GERAL
Nota geral 4. Encontro Nacional de Secagem<br/>Vicosa, MG (Brasil): 1983. p. 91-98<br/>(BR8900574-AM)Q02<br/>
650 ## - ASSUNTO--TERMO TÓPICO
Cabeçalho tópico ou nome geográfico CAFE
650 ## - ASSUNTO--TERMO TÓPICO
Cabeçalho tópico ou nome geográfico GRAO
650 ## - ASSUNTO--TERMO TÓPICO
Cabeçalho tópico ou nome geográfico SECAGEM
650 ## - ASSUNTO--TERMO TÓPICO
Cabeçalho tópico ou nome geográfico TEMPERATURA
650 ## - ASSUNTO--TERMO TÓPICO
Cabeçalho tópico ou nome geográfico TEOR DE UMIDADE
773 0# - ENTRADA ANALÍTICA
Título 4. Encontro Nacional de Secagem
Número de controle do registro Q02 BR8900574
Partes relacionadas Vicosa, MG (Brasil), 1983. p. 91-98
909 ## -
-- 202404
-- Lucia
-- 55
-- Lucia Elande
942 ## - ELEMENTOS DE ENTRADA ADICIONADOS (KOHA)
Tipo de material Koha Capítulo-Livro
Fonte da classificação ou esquema de arquivamento na estante Classificação AGRIS
Exemplares
Situação do descarte Fonte da classificação ou esquema de arquivamento na estante Situação física Não pode ser emprestado Coleção Biblioteca de origem Biblioteca atual Localização na estante Total de empréstimos Número de telefone completo Data de último acesso Número do exemplar Tipo de material Koha Situação das perdas Data de aquisição Fonte de aquisição
  Classificação AGRIS       Biblioteca Nacional de Agricultura - Binagri Biblioteca Nacional de Agricultura - Binagri Agrobase - Acervo Geral   9205 BR8900564 20/05/2024 01 Capítulo-Livro   2024-04-11 Portaria Interministerial nº 164/94

BINAGRI

Telefone: (61)3218-2567/2388/3357/2097 - binagri@agro.gov.br

Ministério da Agricultura e Pecuária , Esplanada dos Ministérios, Bloco D, Anexo B, Brasília/DF, CEP: 70.043-900